00325nam a2200121Ia 4500008004100000041000800041082001900049100002200068245004500090260002800135300003100163365000900194240624s9999 xx 000 0 und d aeng a332.632283 KRI aKRICHEFF ROBERT S aDATA ANALYTICS FOR CORPORATE DEBT MARKET c2014aNew JerseybWiley axvi, : 288 : p. : cm. ; 23 cb30